Threat-formulae in ancient Egypt : a study of the history, structure, and use of threats and curses in ancient Egypt /

محفوظ في:

المؤلف الرئيسي: Morschauser, Scott.

التنسيق: كتاب

اللغة: English

منشور في: Baltimore, Md. : Halgo, c1991.

الموضوعات:

الوسوم: إضافة وسم

لا توجد وسوم, كن أول من يضع وسما على هذه التسجيلة!

رقم الطلب: BL2443 .M67 1991

LEADER 00849cam a2200253 a 4500
003 OSt
005 20251006052126.0
008 910619s1991 mdu b 000 0 eng
010 |a 91023434 
020 |a 0961380551 
040 |c ARCE Library 
043 |a f-ua--- 
050 4 |a BL2443 .M67 1991 
100 1 |a Morschauser, Scott. 
245 1 0 |a Threat-formulae in ancient Egypt :   |b a study of the history, structure, and use of threats and curses in ancient Egypt /   |c Scott Morschauser. 
264 1 |a Baltimore, Md. :   |b Halgo,   |c c1991. 
300 |a xiv, 268 p. ;  |c 26 cm. 
500 |a Part of thesis (doctoral)--Johns Hopkins University. 
504 |a Includes bibliographical references. 
650 0 |a Blessing and cursing (Egyptian law)   |x History. 
650 0 |a Threats   |z Egypt   |x History. 
901 |a reviewed 
942 |2 lcc  |c BK 
999 |c 55065  |d 55065